000 01914nam a22002537a 4500
001 9638
003 FISKH
005 20260127114243.0
008 260127b cb ||||| |||| 00| 0 eng d
020 _a9781526635365
040 _aFISKH
_beng
_cFISKH
_dFISKH
050 _aPS3613 .A175
082 _a813.6
100 _aMaas, Sarah J.
245 _aA court of silver flames /
_cSarah J. Maas
250 _aThis edition published in 2023
260 _aLondon :
_bBloombury Publishing,
_c2021
300 _a757 :
_c20 cm
490 _aA Court of Thorns and Roses :
_vBook five
520 _aNesta Archeron has always been prickly-proud, swift to anger, and slow to forgive. And ever since being forced into the Cauldron and becoming High Fae against her will, she's struggled to find a place for herself within the strange, deadly world she inhabits. Worse, she can't seem to move past the horrors of the war with Hybern and all she lost in it. The one person who ignites her temper more than any other is Cassian, the battle-scarred warrior whose position in Rhysand and Feyre's Night Court keeps him constantly in Nesta's orbit. But her temper isn't the only thing Cassian ignites. The fire between them is undeniable, and only burns hotter as they are forced into close quarters with each other. Meanwhile, the treacherous human queens who returned to the Continent during the last war have forged a dangerous new alliance, threatening the fragile peace that has settled over the realms. And the key to halting them might very well rely on Cassian and Nesta facing their haunting pasts. Against the sweeping backdrop of a world seared by war and plagued with uncertainty, Nesta and Cassian battle monsters from within and without as they search for acceptance-and healing-in each other's arms.
650 _aFantasy Romance
_vLiterature & Fiction
_xYoung Adult
942 _2ddc
_cBK
_n0
999 _c9638
_d9638